LEADER 01170nam0-2200349---450- 001 990009796060403321 005 20131127123000.0 010 $a88-8335-340-4 035 $a000979606 035 $aFED01000979606 035 $a(Aleph)000979606FED01 035 $a000979606 100 $a20131127d2002----km-y0itay50------ba 101 1 $aita 102 $aIT 105 $ay-------001yy 200 1 $aStoria della Democrazia cristiana in Europa$edalla rivoluzione francese al postcomunismo$fJean-Dominique Durand$gprefazione di Oscar Luigi Scalfaro 210 $aMilano$cGuerini e Associati$d2002 215 $a314 p.$d21 cm 225 1 $aContemporanea$iCiviltą e transizioni$v3 300 $aTrad.di Stefano Picciaredda 454 0$12001$a<>Europe de la Democratie chretienne$949288 610 0 $aCattolici$aAttivitą politica$aEuropa$aSec. 19.-20. 676 $a261.7094$v21$zita 700 1$aDurand,$bJean-Dominique$0458969 801 0$aIT$bUNINA$gREICAT$2UNIMARC 901 $aBK 912 $a990009796060403321 952 $aCollez. 2101 (3)$b51114$fFSPBC 959 $aFSPBC 996 $aEurope de la Democratie chretienne$949288 997 $aUNINA LEADER 01253nam 2200373 450 001 9910717260903321 005 20220316152555.0 035 $a(CKB)5470000002529616 035 $a(OCoLC)1303730660 035 $a(EXLCZ)995470000002529616 100 $a20220316d2008 ua 0 101 0 $aeng 135 $aur||||||||||| 181 $ctxt$2rdacontent 182 $cc$2rdamedia 183 $acr$2rdacarrier 200 10$aColombia $einvestigatory authority of Fiscalia, Contraloria and Procuraduria de la Nacion 210 1$a[Washington, D.C.] :$cThe Law Library of Congress, Global Legal Research Directorate,$d2008. 215 $a1 online resource (8 pages) 300 $a"Prepared by Graciela Rodriguez-Ferrand"--Page 8. 300 $a"July 2008." 300 $a"LL file no. 2008-001290." 320 $aIncludes bibliographical references. 517 $aColombia 606 $aGovernmental investigations$zColombia 615 0$aGovernmental investigations 700 $aRodriguez-Ferrand$b Graciela$01379695 712 02$aLaw Library of Congress (U.S.).$bGlobal Legal Research Directorate, 801 0$bDLC 801 1$bGPO 906 $aBOOK 912 $a9910717260903321 996 $aColombia$93442043 997 $aUNINA